000 00700nam a2200289Ia 4500
005 20260324120956.0
008 008 260324s9999 xx 000 0 eng d
020 _a9781315766577
037 _aEBOOK
040 _aCRL
040 _beng
040 _cCRL
041 _2eng
041 _aeng
084 _qCRL
100 _aAndrew Charleson
_91160700
245 0 _aStructure As Architecture
245 2 _bA Source Book for Architects and Structural Engineers
260 _bTaylor and Francis
260 _c2014
365 _a
365 _b300
856 _uhttp://www.taylorfrancis.com/books/9781315766577
942 _cEBOOK
999 _c1752525
_d1752525